Personnages de Avatar - Statistiques

Statistiques générales
  • Ce quiz a été pris 348 fois
  • Le résultat moyen est 9 sur 21
Statistiques - réponses
Réponses % Correct
2 Neytiri
90%
1 Jake Sully
89%
6 Kiri
85%
8 Lo’ak
85%
7 Neteyam
83%
9 Tuk
81%
13 Tsireya
48%
10 Ronal
43%
5 Tsu’Tey
40%
12 Aonung
37%
3 Mo’at
33%
11 Tonowari
33%
14 Rotxo
26%
15 Payakan
19%
20 Grace Augustine
18%
4 Eytukan
14%
16 Eytukan
14%
21 Colonel Miles Quaritch
11%
17 Sylwanin
3%
18 Arvok
0%
19 Ka’ani
0%
Aucun quiz correspondant
Distribution des résultats
% des personnes avec chaque résultat
Percentile par nombre de réponses
Votre historique - résultats
Vous n’avez pas pris ce quiz